Language Quiz

Random Language or Latin Quiz

20 Random Cartoon Shows in Latin Quiz Stats

Quiz not verified by Sporcle

Challenge
Share
Tweet
Score 0/18 Timer 10:00
0 Plays Today
% Correct
Spongia Quadra Palpito
95%
Tomus et Jerryus
95%
Recessus
93.3%
Adventus Frater
91.7%
Potestas Inflo Pullea
91.7%
Infans Accuso Tacitus Testudo
90%
Aquatilis Infans ieiunium vis
90%
Roseus Panteorum
88.3%
Magus Discordia Parens
86.7%
% Correct
Hic Viroum
85%
Vespertilio Viroum
85%
Genus Viroum
83.3%
Auster Horti?
83.3%
Nuces
83.3%
Vigeo Duco
81.7%
Insanus Melos
81.7%
Stragulum Mus
81.7%
Silex lapideorum
80%

You're not logged in!

Compare scores with friends on all Sporcle quizzes.
Sign Up with Email
OR
Log In

You Might Also Like...

Show Comments

Extras

Top Quizzes Today


Score Distribution

Your Account Isn't Verified!

In order to create a playlist on Sporcle, you need to verify the email address you used during registration. Go to your Sporcle Settings to finish the process.